000 00830nam a2200241 i 4500
001 66578
003 ES-MaACL
005 20240526062939.0
007 t|
008 030424s2003 sp |||| | spa d
020 _a84-95099-56-X
080 _a821.134.2-14"19"
100 1 _aMárquez, Joaquín,
_d1934-
_977006
245 1 0 _aÁlbum de seres perdidos /
_cJoaquín Márquez.
260 _a[Soria] :
_bDiputación Provincial de Soria, Departamento de Cultura,
_c[2003]
300 _a64 p. ;
_c23 cm.
490 1 _aColección "Leonor" y "Gerardo Diego" de poesía
586 _aXXI Premio "Leonor" de poesía 2002
710 1 _aSoria (Provincia).
_bDiputación Provincial.
_96880
830 0 _aColección "Leonor" y "Gerardo Diego" de poesía
_9183026
852 _aES-MaACL
_jL-27045
999 _c66578
_d66578